Axial Muscle List - Superficial Muscles (8/18) - Statistics

General Stats
  • This quiz has been taken 3 times
  • The average score is 6 of 8
Answer Stats
Hint Answer % Correct
1 Deltoid
100%
6 Latissimus Dorsi
100%
5 Trapezius
100%
3 External Oblique
67%
2 Pectoralis Major
67%
4 Rectus Abdominis
67%
8 Sternocleidomastoid
67%
7 Teres Major
33%
No matching quizzes found
Score Distribution
Percent of People with Each Score
Percentile by Number Answered
Your Score History
You have not taken this quiz